| 000 | 00686cam a2200217 a 4500 | ||
|---|---|---|---|
| 001 | 000019409 | ||
| 005 | 20200929170017.0 | ||
| 008 | 801118s1954 ag b 000 0 spa d | ||
| 040 |
_aDO-SdBNP _bspa _cLC _dBNPHU |
||
| 082 |
_a864.64 _bG216e |
||
| 100 | 1 |
_aGarcía Mercadal, Jóse, _d1883- _941666 |
|
| 245 | 1 | 0 |
_aEstudiantes, sopistas y pícaros / _cJ. García Mercadal. |
| 260 |
_aArgentina : _bEspasa-Calpe Argentina, _c1954. |
||
| 300 |
_a212, [16] p. ; _c18 cm. |
||
| 490 | 1 |
_aAustral. Verde _v1180 |
|
| 650 | 4 |
_aEnsayos españoles _93095 |
|
| 650 | 4 |
_aLiteratura española _9632 |
|
| 830 | 0 |
_aAustral _pverde _v1180 _941667 |
|
| 910 | _aCatalogación derivada / LC | ||
| 049 | _aBNGR | ||
| 999 |
_c18925 _d18925 |
||